UM Logo

Accurate modeling of PLL with frequency-adaptive prefilter: (Record no. 18944)

MARC details
000 -LEADER
fixed length control field 00996nam a22002297a 4500
003 - CONTROL NUMBER IDENTIFIER
control field OSt
005 - DATE AND TIME OF LATEST TRANSACTION
control field 20250911173718.0
008 - FIXED-LENGTH DATA ELEMENTS--GENERAL INFORMATION
fixed length control field 240206b ||||| |||| 00| 0 eng d
040 ## - CATALOGING SOURCE
Transcribing agency 0
082 ## - DEWEY DECIMAL CLASSIFICATION NUMBER
Classification number DPer 621.381 In821 April 2022 v. 37 n. 4
100 ## - MAIN ENTRY--PERSONAL NAME
Personal name Lei, Jiaxing.
Relator term author.
9 (RLIN) 51565
245 ## - TITLE STATEMENT
Title Accurate modeling of PLL with frequency-adaptive prefilter:
Remainder of title on the positive feedback effect /
Statement of responsibility, etc. Jiaxing Lei, Xiangjun Quan, Shang Feng, Jianfeng Zhao, and Wu Chen.
260 ## - PUBLICATION, DISTRIBUTION, ETC. (IMPRINT)
Place of publication, distribution, etc. New York ;
Name of publisher, distributor, etc. The Institute of Electrical and Electronics Engineers, Inc. ,
Date of publication, distribution, etc. April 2022.
300 ## - PHYSICAL DESCRIPTION
Extent Volume 37, pages 3747-3752 :
Other physical details illustration ;
Dimensions 28 cm.
500 ## - GENERAL NOTE
General note IEEE Transactions on Power Electronics, vol. 37, no. 4, pages 3747-3752, April 2022.
700 ## - ADDED ENTRY--PERSONAL NAME
Personal name Lei, Jiaxing.
Relator term author.
9 (RLIN) 51565
700 ## - ADDED ENTRY--PERSONAL NAME
Personal name Quan, Xiangjun.
Relator term author.Shang Feng,
9 (RLIN) 51566
700 ## - ADDED ENTRY--PERSONAL NAME
Personal name Feng, Shang.
Relator term author.
9 (RLIN) 51567
700 ## - ADDED ENTRY--PERSONAL NAME
Personal name Zhao, Jianfeng.
Relator term author.
9 (RLIN) 51568
700 ## - ADDED ENTRY--PERSONAL NAME
Personal name Chen, Wu.
Relator term author.
9 (RLIN) 51569
942 ## - ADDED ENTRY ELEMENTS (KOHA)
Source of classification or shelving scheme Dewey Decimal Classification
Koha item type Periodicals
Holdings
Withdrawn status Lost status Source of classification or shelving scheme Damaged status Not for loan Collection code Home library Current library Date acquired Total Checkouts Full call number Date last seen Price effective from Koha item type Public note
    Dewey Decimal Classification     Periodicals UM Digos College - LIC UM Digos College - LIC 02/06/2024   DPer 621.381 In821 April 2022 v. 37 n. 4 02/06/2024 02/06/2024 Periodicals Periodical Article